|
|
|
|
| LEADER |
00000nam0a2200000 4500 |
| 001 |
81710 |
| 005 |
20231031095252.0 |
| 035 |
|
|
|a (RuTPU)RU\TPU\book\87820
|
| 090 |
|
|
|a 81710
|
| 100 |
|
|
|a 20050922d1987 k y0rusy50 ca
|
| 101 |
1 |
|
|a rus
|c eng
|
| 102 |
|
|
|a RU
|
| 105 |
|
|
|a a z 001zy
|
| 200 |
1 |
|
|a Численное моделирование методом частиц
|e пер. с англ.
|f Х. Роджер, Д. Иствуд
|
| 210 |
|
|
|a Москва
|c Мир
|d 1987
|
| 215 |
|
|
|a 638 с.
|c ил.
|
| 320 |
|
|
|a Библиогр.: с. 610-628
|
| 320 |
|
|
|a Предм. указ.: с. 629-632
|
| 610 |
1 |
|
|a математическая физика
|
| 610 |
1 |
|
|a численное моделирование
|
| 610 |
1 |
|
|a метод крупных частиц
|
| 610 |
1 |
|
|a крупные частицы
|
| 610 |
1 |
|
|a численные методы
|
| 610 |
1 |
|
|a вычислительные эксперименты
|
| 610 |
1 |
|
|a плазма
|
| 610 |
1 |
|
|a одномерные модели
|
| 610 |
1 |
|
|a интегрирование во времени
|
| 610 |
1 |
|
|a схемы
|
| 610 |
1 |
|
|a метод частица-сетка
|
| 610 |
1 |
|
|a сила
|
| 610 |
1 |
|
|a вычисление
|
| 610 |
1 |
|
|a уравнения поля
|
| 610 |
1 |
|
|a частицы
|
| 610 |
1 |
|
|a бесстолкновительные модели
|
| 610 |
1 |
|
|a алгоритмы
|
| 610 |
1 |
|
|a полупроводниковые приборы
|
| 610 |
1 |
|
|a астрофизика
|
| 610 |
1 |
|
|a твердые тела
|
| 610 |
1 |
|
|a жидкости
|
| 610 |
1 |
|
|a фазовые превращения
|
| 675 |
|
|
|a 53:519.6
|v 3
|
| 700 |
|
1 |
|a Роджер
|b Х.
|g Хокни
|
| 701 |
|
1 |
|a Иствуд
|b Д.
|g Джеймс
|
| 801 |
|
1 |
|a RU
|b 63413507
|c 20050922
|g PSBO
|
| 801 |
|
2 |
|a RU
|b 63413507
|c 20140605
|g PSBO
|
| 942 |
|
|
|c BK
|